| 000 | 00632nam a2200217Ia 4500 | ||
|---|---|---|---|
| 003 | OSt | ||
| 005 | 20240813142345.0 | ||
| 008 | 210719s2007 xx 000 0 und d | ||
| 040 | _cAL | ||
| 041 | _akan | ||
| 082 | _aK894.4 VYAJ | ||
| 100 |
_aVYASA (M): ವ್ಯಾಸ (ಎಂ) _9177034 |
||
| 245 |
_aJanapatha Ankana barahagalu: _bಜನಪಥ ಅಂಕಣ ಬರಹಗಳು |
||
| 260 |
_aUdupi _bSvagata Samiti,Sahitya Sammelana _c2007 |
||
| 300 |
_a130 _bPB |
||
| 365 |
_b60 _cRs |
||
| 650 |
_aKannada Prose _9177035 |
||
| 650 |
_aKannada Prose _9177035 |
||
| 906 | _aAnkana ; barahagalu ; Janapatha | ||
| 942 |
_2ddc _cBK |
||
| 999 |
_c214979 _d214979 |
||